[Event "CAN-ch U12"]
[Site "Ottawa"]
[Date "2007.07.04"]
[Round "4"]
[White "Xu, Jun Rui"]
[Black "Venner, John"]
[Result "1-0"]
[WhiteElo "1437"]
[BlackElo "784"]
[PlyCount "93"]
[EventDate "2007.07.03"]
[EventType "swiss"]
[EventRounds "7"]
[EventCountry "CAN"]
[SourceTitle "EXT 2022"]
[Source "ChessBase"]
[SourceDate "2021.10.06"]
[SourceVersion "1"]
[SourceVersionDate "2021.10.06"]
[SourceQuality "1"]

1. d4 d5 2. c4 dxc4 3. Nc3 Nc6 4. Nf3 Bf5 5. e3 Nf6 6. Bxc4 e6 7. a3 h6 8. 0-0 Qd7 9. b4 0-0-0 10. Bb2 Bd6 11. d5 exd5 12. Nxd5 Nxd5 13. Bxd5 b6 14. Rc1 Kb7 15. Bxc6+ Qxc6 16. Rxc6 Kxc6 17. Qa4+ Kb7 18. Rc1 Be4 19. b5 Rd7 20. Qxe4+ Kb8 21. Bxg7 Rhd8 22. Nd4 Rg8 23. Kh1 Bxa3 24. Ra1 Bb2 25. Rb1 Bxd4 26. exd4 c5 27. bxc6 f5 28. Qe5+ Rc7 29. d5 a5 30. Rxb6+ Ka7 31. Rb7+ Rxb7 32. cxb7 Kxb7 33. d6 Rc8 34. h4 Kc6 35. Qxa5 Kxd6 36. Qa6+ Rc6 37. Qxc6+ Kxc6 38. Bxh6 Kd7 39. Kh2 Ke7 40. Kg3 Kf7 41. Kf4 Kg6 42. Bg5 Kh5 43. Ke5 Kg6 44. Bd8 Kh5 45. Kxf5 Kh6 46. Bg5+ Kh5 47. g4# 1-0